Framework for national Roma integration strategies up to 2020 European Implementation Assessment /

Detalles Bibliográficos
Autor principal: Korver, Ron
Formato: eBook
Lenguaje:inglés
Publicado: Bruselas: European Union Publications Office, 2020
Materias:
Acceso en línea:Acceso restringido

MARC

LEADER 00000nam a22000007a 4500
005 20220418220913.0
007 cr|||| ||||
008 220418s2020 eu |||||s|||| 00||0 eng d
020 |a 978-92-846-6517-4 
035 |a 34304 
040 |a vLex 
090 |c 13193  |d 13193 
100 1 |a Korver, Ron 
245 1 0 |a Framework for national Roma integration strategies up to 2020  |h [Recurso electrn̤ico] :  |b European Implementation Assessment /  |c Ron Korver 
256 |a Servicio en ln̕ea 
260 |a Bruselas:  |b European Union Publications Office,  |c 2020 
300 |a 1 recurso electrn̤ico 
500 |a This study provides a review of the EU Framework for national Roma integration strategies (NRIS) up to 2020. It was produced at the request of the European Parliament's Committee for Civil Liberties, Justice and Home Affairs (LIBE) and Committee for Employment and Social Affairs (EMPL) to feed into the discussions regarding the post-2020 framework. The study provides a synthesis of evaluations and opinions of the EU Framework for NRIS, focusing both on the architecture of this instrument and on the national policy measures that have been put in place in the main policy areas under the framework. It furthermore provides an appreciation of the coordination, consultation and monitoring structures under the framework and the way they work in practice. It also looks at the framework's interplay with other EU legal, funding and policy instruments. It then reviews the main policy objectives and the effect the framework has had on anti-discrimination and anti-gypsyism. 
506 1 |a Disponible solo en los productos indicados  |d vLex Global  |d vLex Global (Academic Edition, excluding Law Schools)  |d vLex Global (U.S. Academic Edition, Law Schools)  |d vLex Global (U.S. Academic Edition, excluding Law Schools)  |d vLex Global (Academic Edition, Law Schools) 
650 0 4 |a Derecho Comunitario  |z Unin̤ Europea 
740 0 |a vLex Libros (Servicio en ln̕ea) 
856 4 0 |u https://app.vlex.com/#/sources/34304  |z Acceso restringido 
942 |c BOOK 
999 0 |a Community Law